All 24 tripleS members with Divine Objekts - Statistics

General Stats
  • This quiz has been taken 1,471 times
  • The average score is 19 of 24
Answer Stats
Picture Answer % Correct
SoHyun
89%
DaHyun
88%
Kotone
87%
NaKyoung
87%
ChaeYeon
85%
HyeRin
85%
Xinyu
85%
Lynn
84%
ShiOn
84%
HaYeon
83%
JiWoo
82%
JooBin
82%
SeoAh
81%
Kaede
78%
Nien
78%
SeoYeon
76%
YeonJi
76%
SooMin
75%
Sullin
75%
YooYeon
75%
Mayu
74%
JiYeon
73%
ChaeWon
72%
YuBin
72%
No matching quizzes found
Score Distribution
Percent of People with Each Score
Percentile by Number Answered
Your Score History
You have not taken this quiz